|
|
|
|
| LEADER |
00000nam a2200000 a 4500 |
| 001 |
vtls008697718 |
| 003 |
SK-MaSNL |
| 005 |
20260301021726.0 |
| 008 |
240315s2006 xo l f 000 0 slo |
| 015 |
|
|
|a SNBA2006/06-03179
|
| 020 |
|
|
|a 8080696756
|q (brož.)
|
| 035 |
|
|
|a 1432FBAF-6757-4254-937A-05E396E9927B
|
| 035 |
|
|
|a urn:nbn:sk:snk-amktkw
|
| 035 |
|
|
|a urn:nbn:sk:snk-am0055u0
|
| 040 |
|
|
|a SNK
|b slo
|c SNK
|e AACR2
|
| 041 |
0 |
|
|a slo
|
| 044 |
|
|
|a xo
|c SK
|
| 072 |
|
7 |
|a 502
|x Životné prostredie a jeho ochrana
|2 konspekt
|
| 080 |
|
|
|a 574.1
|2 2001
|
| 080 |
|
|
|a (07)
|2 2001
|
| 080 |
|
|
|a 502:33
|2 2001
|
| 100 |
1 |
|
|a Kluvánková-Oravská, Tatiana,
|d 1968-
|4 aut
|9 15758
|
| 245 |
1 |
0 |
|a Úvod do ekonomického hodnotenia a oceňovania biodiverzity
|b učebné texty pre všetky formy vzdelávania
|c Tatiana Kluvánková - Oravská
|
| 250 |
|
|
|a 2. nezm. vyd.
|
| 260 |
|
|
|a Nitra
|b Slovenská poľnohospodárska univerzita
|c 2006
|
| 300 |
|
|
|a 40 s.
|b tab.
|c 29 cm
|
| 366 |
|
|
|e 200 výtl.
|
| 490 |
1 |
|
|a Ochrana biodiverzity
|
| 504 |
|
|
|a Bibliogr. s. 38-40
|
| 650 |
0 |
7 |
|a environmentálna ekonómia
|2 SNKPH
|9 4105
|
| 650 |
0 |
7 |
|a biodiverzita
|2 SNKPH
|9 3702
|
| 655 |
|
7 |
|a učebné texty
|2 SNKPH
|9 70568
|
| 830 |
|
0 |
|a Ochrana biodiverzity
|9 290310
|
| 919 |
|
|
|a 80-8069-675-6
|
| 999 |
|
|
|c 565978
|d 567908
|
| 952 |
|
|
|a SNK
|b SNK
|y PREZ
|7 0
|p 17A0508063
|o snkSB 72249
|i snk2006/9027
|8 0
|0 0
|1 0
|4 0
|d 2006-05-03
|l 0
|r 2025-04-25 00:00:00
|w 2026-02-23
|
| 952 |
|
|
|a SNK
|b SNK
|y VYP
|7 0
|p 17A0508061
|o snkSB 72249 D1
|i snk2006/9028
|8 0
|0 0
|1 0
|4 0
|d 2006-05-03
|f 1
|l 0
|r 2016-06-30 00:00:00
|w 2026-02-23
|